000 00481nam a22001817a 4500
008 220923b |||||||| |||| 00| 0 eng d
020 _a0310516460
050 _aBT836.3
_b.F68 2016 C.1
100 _adenny Burl...{el al.}
245 _aFour views on hell/
_cdenny Burl...{el al.}
250 _a2n ed.
300 _a220p.
650 _aHell
_vChristianity
700 _aStackhouse Jr., John G.
700 _aParry, Robin A.
700 _aWalls, Jerry L.
942 _2lcc
_cBK
999 _c19561
_d19560